000 00584cam a22001934a 4500
020 _a0821346032
040 _cDLC
082 0 0 _a338 WOR 1999 A067 Or.
100 1 _aGray, Dale,
245 1 0 _aAssessment of corporate sector value and vulnerability :
_blinks to exchange rate and financial crises /
260 _aWashington, DC :
_bWorld Bank,
_c1999.
300 _avii, 44 p. :
_bill. ;
_c28 cm.
650 0 _aCorporations
650 0 _aCorporations
650 0 _aForeign exchange rates
650 0 _aBanks and banking, International
650 0 _aFinancial crises
942 _cEK
999 _c14506
_d14506